000
00310nam a22001337a 4500
008
170801b xxu||||| |||| 00| 0 eng d
020
_a
0716782820
041
_a
eng
080
_a
004
100
_a
32
101
_a
SHKI
245
_a
FUNDAMENTALS OF DATA STRUCTURES IN PASCAL
_c
HOROWITZ, E
942
_2
udc
_c
BK
999
_c
22445
_d
22445